Business houses in India. (Record no. 59547)

MARC details
000 -LEADER
fixed length control field 00532cam a22002051 4500
001 - CONTROL NUMBER
control field sa 64006161
003 - CONTROL NUMBER IDENTIFIER
control field DLC
005 - DATE AND TIME OF LATEST TRANSACTION
control field 20260227112037.0
008 - FIXED-LENGTH DATA ELEMENTS--GENERAL INFORMATION
fixed length control field 750521s1953 xx 000 0 eng
010 ## - LIBRARY OF CONGRESS CONTROL NUMBER
LC control number sa 64006161
035 ## - SYSTEM CONTROL NUMBER
System control number (OCoLC)1349354
040 ## - CATALOGING SOURCE
Original cataloging agency DLC
Transcribing agency NSyU
Modifying agency DLC
042 ## - AUTHENTICATION CODE
Authentication code premarc
050 00 - LIBRARY OF CONGRESS CALL NUMBER
Classification number T12.5.I5
Item number B8
245 00 - TITLE STATEMENT
Title Business houses in India.
260 ## - PUBLICATION, DISTRIBUTION, ETC.
Place of publication, distribution, etc. New Delhi
Date of publication, distribution, etc. [1953?]
300 ## - PHYSICAL DESCRIPTION
Extent 263 p.
Other physical details illus.
Dimensions 25 cm.
650 #0 - SUBJECT ADDED ENTRY--TOPICAL TERM
Topical term or geographic name entry element Industries
Geographic subdivision India
Form subdivision Directories.
651 #0 - SUBJECT ADDED ENTRY--GEOGRAPHIC NAME
Geographic name India
General subdivision Commerce
Form subdivision Directories.

No items available.

Powered by Koha